Top 23 Jordan Sneakers Of All Time - Statistics

General Stats
  • This quiz has been taken 312 times
  • The average score is 10 of 23
Answer Stats
# Answer % Correct
1 Air Jordan 11
99%
2 Air Jordan 5
77%
3 Air Jordan 3
68%
4 Air Jordan 6
64%
5 Air Jordan 1
63%
6 Air Jordan 13
57%
7 Air Jordan 4
52%
8 Air Jordan 9
48%
9 Air Jordan 12
45%
10 Air Jordan 2
44%
11 Air Jordan 7
40%
12 Air Jordan 14
39%
13 Air Jordan 21
33%
14 Air Jordan 23
32%
15 Air Jordan 18
30%
16 Air Jordan 8
28%
17 Air Jordan 10
26%
19 Air Jordan 16
25%
20 Air Jordan 17
25%
18 Air Jordan 22
25%
23 Air Jordan 15
24%
21 Air Jordan 19
23%
22 Air Jordan 20
23%
No matching quizzes found
Score Distribution
Percent of People with Each Score
Percentile by Number Answered
Your Score History
You have not taken this quiz